|
|
|
|
| LEADER |
00820nab a2200229 i 4500 |
| 001 |
publ7139 |
| 005 |
20190910132214.0 |
| 008 |
160720s2013 hu o 0|| zxx d |
| 022 |
|
|
|a 1089-5639
|
| 024 |
7 |
|
|a 10.1021/jp405724a
|2 doi
|
| 024 |
7 |
|
|a 2454308
|2 mtmt
|
| 040 |
|
|
|a SZTE Publicatio Repozitórium
|b hun
|
| 041 |
|
|
|a zxx
|
| 100 |
1 |
|
|a Bänsch Cornelie
|
| 245 |
1 |
0 |
|a Reaction of Dimethyl Ether with Hydroxyl Radicals
|h [elektronikus dokumentum] :
|b Kinetic Isotope Effect and Prereactive Complex Formation /
|c Bänsch Cornelie
|
| 260 |
|
|
|c 2013
|
| 300 |
|
|
|a 8343-8351
|
| 490 |
0 |
|
|a The Journal of Physical Chemistry A
|v 117 No. 35
|
| 700 |
0 |
1 |
|a Kiecherer Johannes
|e aut
|
| 700 |
0 |
1 |
|a Szőri Milán
|e aut
|
| 700 |
0 |
1 |
|a Olzmann Matthias
|e aut
|
| 856 |
4 |
0 |
|u http://publicatio.bibl.u-szeged.hu/7139/1/Milan_030.pdf
|z Dokumentum-elérés
|